| 000 | 00825nam a2200205 i 4500 | ||
|---|---|---|---|
| 001 | 188370 | ||
| 003 | ES-MaACL | ||
| 005 | 20251002204754.0 | ||
| 008 | 180904s1921 fr |||| | fre d | ||
| 245 | 0 | 0 |
_aTraité de pathologie médicale et de thérapeutique appliquée / publié sous la dir. de Emile Sergent .L.Ribadeau-Dumas, L. Babonneix,. _nXVI, _pInfections à germe inconnu / _cpar J. Hallé, [et al.]. |
| 260 |
_aParis : _bA. Maloine, _c1921. |
||
| 300 |
_aVIII, 383 p. : _bil. ; _c21 cm. |
||
| 650 | 0 | 7 |
_aEnfermedades infecciosas _2embne _9135986 |
| 700 | 1 |
_aSergent, Émile, _d1867-1943 _9151848 |
|
| 700 | 1 |
_aRibadeau-Dumas, Louis ( _d1876-1951) _9151844 |
|
| 700 | 1 |
_aBabonneix, Léon, _d1876-1942 _9151847 |
|
| 700 | 1 |
_aHallé, J. _9165402 |
|
| 852 |
_aES-MaACL _jC-16746 |
||
| 999 |
_c188370 _d188370 |
||